LEADER 01263nam--2200385---450- 001 990003137820203316 005 20130823150507.0 035 $a000313782 035 $aUSA01000313782 035 $a(ALEPH)000313782USA01 035 $a000313782 100 $a20080807d1927----km-y0itay50------ba 101 1 $aita$clat 102 $aIT 105 $a||||||||001yy 200 1 $aEstratti del De Dignitate et Augmentis Scientiarum e del Novum Organum$fFrancesco Bacone$gintroduzione, traduzione e note di Lelio Rossi 210 $aSalerno$cSpadafora$d1927 215 $a72 p.$d21 cm 676 $a192 700 1$aBACON,$bFrancis$f<1561-1626>$0159133 702 1$aROSSI,$bLelio 801 0$aIT$bsalbc$gISBD 912 $a990003137820203316 951 $aFC M 1532$bDLM$cFC M 951 $aXV.2.A. 1821$b3977 F.C.$cXV.2.A.$d00293891 959 $aBK 969 $aDILAM 969 $aCUOMO 979 $aDILAM1$b90$c20080807$lUSA01$h1659 979 $aANNAMARIA$b90$c20110927$lUSA01$h0913 979 $aAMENDOLA$b90$c20130823$lUSA01$h1405 979 $aAMENDOLA$b90$c20130823$lUSA01$h1409 979 $aAMENDOLA$b90$c20130823$lUSA01$h1505 996 $aEstratti del De Dignitate et Augmentis Scientiarum e del Novum Organum$91016658 997 $aUNISA LEADER 01155nam--2200385---450 001 990002978300203316 005 20210414110526.0 010 $a978-88-11-69327-7 035 $a000297830 035 $aUSA01000297830 035 $a(ALEPH)000297830USA01 035 $a000297830 100 $a20070927d2007----km-y0itay50------ba 101 $aita 102 $aIT 105 $a||||||||001yy 200 1 $aSalonicco, cittą di fantasmi$ecristiani, musulmani ed ebrei tra il 1430 e il 1950$fMark Mazower 210 $aMilano$cGarzanti$d2007 215 $a597 p., [16] carte di tav.$cill.$d22 cm 225 2 $aCollezione storica 300 $aTraduzione di Roberto Merlini 410 0$12001$aCollezione storica 454 1$12001$aSalonica, city of ghosts$930190 461 1$1001-------$12001 607 $aSalonicco$xStoria$z1430-1950 676 $a949.56 700 1$aMAZOWER,$bMark$0314120 702 1$aMERLINI,$bRoberto 801 0$aIT$bsalbc$gISBD 912 $a990002978300203316 951 $aX.3.B. 669$b200640 L.M.$cX.3.B.$d00161027 959 $aBK 969 $aUMA 996 $aSalonica, city of ghosts$930190 997 $aUNISA